000 00598cam a22002051 4500
001 af 47006946
003 DLC
005 20260227110839.0
008 890327s1944 gw j 000 1 ger c
010 _aaf 47006946
035 _a(OCoLC)19464343
040 _aCalifornia. Univ. Libr.
_cCU
_dDLC
042 _apremarc
050 0 0 _aPT2609.N76
_bC5
100 1 _aEnking, Ottomar,
_d1867-1937.
245 0 0 _aClaus Jesup,
_bein Roman aus der alten Wismar.
260 _aWismar,
_bHinstorff
_c[1944]
300 _a406 p.
_bgeneal. table.
_c20 cm.
600 0 0 _aJesup Nicolaus,
_dactive 1399-1448
_vFiction.
999 _c3758
_d3758